000 01031cam a22001934i 4500
999 _c58103
_d58103
001 19230034
005 20221108160244.0
008 160815s2018 caua b 001 0 eng
020 _a9781506306667 X
041 _aeng
080 _a364.694 I-67
245 1 0 _aInstructional strategies for students with mild, moderate, and severe intellectual disability /
_cedited by Richard M. Gargiulo, Emily C. Bouck.
264 1 _aLos Angeles :
_bSage,
_c2018.
300 _a490 pages :
_billustrations ;
_c23 cm.
653 _aმსუბუქი, ზომიერი და მძიმე ინტელექტუალური შეზღუდული შესაძლებლობის მქონე სტუდენტების სასწავლო სტრატეგიები
653 _aУчебные стратегии для учащихся с легкой, средней и тяжелой умственной отсталостью
700 1 _aBouck, Emily C.
_912054
942 _2udc
_cBK